000 00268nam a2200109Ia 4500
008 230907s9999||||xx |||||||||||||| ||und||
082 _a576.5
_bKRE
100 _aKrebs, Jocelyn E.,
_9116173
245 0 _aLewin's genes XII /
300 _axxv, 837 pages :
942 _cBK
999 _c601448
_d601448